00397nam a2200157Ia 4500003000400000008004100004040001600045082001300061100001700074245004300091260003400134300001000168490002400178650001500202650002200217GCL140319s9999 xx 000 0 eng d aGCL / cGCL04a843bM R1 aMALLE, LOUIS10aAU REVOIR LES ENFANTS / cMALLE, LOUIS a[S.N] : bGALLIMARD ، c1987 a165 P aCOLLECTION FOLIOv004aLITERATURE04aFRENCH LITERATURE